[Event "FIDE World Rapid Team"]
[Site "Almaty"]
[Date "2024.08.03"]
[Round "5.40"]
[White "Serikov, Merey"]
[Black "Ivlev, Andrey"]
[Result "0-1"]
[WhiteElo "1616"]
[BlackElo "1578"]
[PlyCount "116"]
[EventDate "2024.08.02"]
[EventType "team (rapid)"]
[EventRounds "12"]
[EventCountry "KAZ"]
[SourceTitle "CBM 221 Extra"]
[Source "ChessBase"]
[SourceDate "2024.09.30"]
[SourceVersion "1"]
[SourceVersionDate "2024.09.30"]
[SourceQuality "1"]
[WhiteTeam "VKO Team"]
[BlackTeam "Chess Academy Pvl"]
[WhiteTeamCountry "KAZ"]
[BlackTeamCountry "KAZ"]

1. d4 d5 2. c4 c6 3. Nc3 Nf6 4. Nf3 Bf5 5. cxd5 Nxd5 6. Qb3 Nb6 7. e4 Bg6 8. Be3 e6 9. a4 Qc7 10. Rc1 Qe7 11. Ne5 Qb4 12. Qxb4 Bxb4 13. Ra1 Bxe4 14. f3 Bg6 15. Nxg6 hxg6 16. Bd3 N8d7 17. 0-0 Bd6 18. h3 Nf6 19. Rab1 Nfd5 20. Ne4 Nxe3 21. Nxd6+ Ke7 22. Nxf7 Kxf7 23. Rfe1 Ned5 24. a5 Nd7 25. b4 a6 26. Re4 Nc3 27. Rf4+ Ke7 28. Re1 Nf8 29. Rg4 Rh6 30. f4 Kf7 31. Bc4 Nd5 32. Bxd5 exd5 33. Rf1 Re8 34. f5 gxf5 35. Rxf5+ Rf6 36. Rfg5 Ne6 37. Re5 Nc7 38. Reg5 Rg8 39. h4 Ne6 40. Re5 Nc7 41. h5 Rh8 42. Reg5 Ne6 43. Re5 Rhh6 44. g3 g6 45. hxg6+ Rhxg6 46. Rxg6 Rxg6 47. Kf2 Nxd4 48. Rh5 Ne6 49. Kf3 Rf6+ 50. Ke3 Rg6 51. Kf3 Nd4+ 52. Kf4 Ne2+ 53. Kf3 Nd4+ 54. Kf4 Kf6 55. Rh7 Rg7 56. Rh6+ Ke7 57. g4 Ne6+ 58. Ke5 Rg5# 0-1

[Event "FIDE World Rapid Team"]
[Site "Almaty"]
[Date "2024.08.02"]
[Round "3.34"]
[White "Serikov, Merey"]
[Black "Kazhiakhmetova, Erkenaz"]
[Result "0-1"]
[WhiteElo "1616"]
[BlackElo "1602"]
[PlyCount "64"]
[EventDate "2024.08.02"]
[EventType "team (rapid)"]
[EventRounds "12"]
[EventCountry "KAZ"]
[SourceTitle "CBM 221 Extra"]
[Source "ChessBase"]
[SourceDate "2024.09.30"]
[SourceVersion "1"]
[SourceVersionDate "2024.09.30"]
[SourceQuality "1"]
[WhiteTeam "VKO Team"]
[BlackTeam "KRG Team"]
[WhiteTeamCountry "KAZ"]
[BlackTeamCountry "KAZ"]

1. d4 Nf6 2. c4 c6 3. Nf3 d5 4. Nc3 g6 5. Bf4 Bg7 6. e3 0-0 7. Bd3 Nbd7 8. c5 h6 9. b4 Nh5 10. Bg3 Nxg3 11. hxg3 Qc7 12. Qc2 e5 13. Be2 exd4 14. Nxd4 a5 15. Qb3 axb4 16. Qxb4 Qa5 17. Rb1 Qxb4 18. Rxb4 Nxc5 19. 0-0 Ne6 20. Rfb1 c5 21. Nxe6 cxb4 22. Nc7 bxc3 23. Nxa8 Bf5 24. Rc1 Rxa8 25. g4 Bd7 26. a4 Rxa4 27. Bd1 Rb4 28. f3 Ba4 29. Bxa4 Rxa4 30. Kf2 Ra2+ 31. Kf1 c2 32. Rxc2 Ra8 0-1

[Event "FIDE World Rapid Team"]
[Site "Almaty"]
[Date "2024.08.02"]
[Round "4.46"]
[White "Shakhman, Asanali"]
[Black "Serikov, Merey"]
[Result "1-0"]
[WhiteElo "1537"]
[BlackElo "1616"]
[PlyCount "89"]
[EventDate "2024.08.02"]
[EventType "team (rapid)"]
[EventRounds "12"]
[EventCountry "KAZ"]
[SourceTitle "CBM 221 Extra"]
[Source "ChessBase"]
[SourceDate "2024.09.30"]
[SourceVersion "1"]
[SourceVersionDate "2024.09.30"]
[SourceQuality "1"]
[WhiteTeam "Baiterekchess"]
[BlackTeam "VKO Team"]
[WhiteTeamCountry "KAZ"]
[BlackTeamCountry "KAZ"]

1. e4 c5 2. c4 Nc6 3. Nc3 a6 4. g3 d6 5. Bg2 e6 6. Nge2 Nf6 7. 0-0 Be7 8. d3 0-0 9. h3 Rb8 10. a4 e5 11. Kh2 Re8 12. f4 Bf8 13. f5 g6 14. g4 Bg7 15. Ng3 Nd4 16. g5 Nd7 17. f6 Bf8 18. h4 b5 19. axb5 axb5 20. cxb5 Nxb5 21. h5 Nxc3 22. bxc3 Nb6 23. hxg6 hxg6 24. c4 Qd7 25. Nf5 Qd8 26. Rh1 Bxf5 27. exf5 Qd7 28. fxg6 fxg6 29. Rb1 d5 30. Rxb6 Rxb6 31. Bxd5+ Ree6 32. Kg1 Rbd6 33. Qf3 Rxd5 34. cxd5 Rd6 35. Qg3 Qf5 36. Rh2 Rxd5 37. Qh4 Kf7 38. Ra2 Rxd3 39. Qh7+ Ke6 40. Qg8+ Kd7 41. Qf7+ Kc6 42. Ra6+ Kb5 43. Qb7+ Kc4 44. Ra4+ Kc3 45. Qb2# 1-0